000 00747nam a2200205 i 4500
001 98571
003 ES-MaACL
005 20250818131144.0
007 t|
008 051010s1970 sp f |||| |dspa d
080 _a910.4
245 0 0 _aGrandes aventuras de los tiempos modernos
_b: del Polo a la Luna.
260 _a[Madrid] :
_bCírculo de Amigos de la Historia,
_c[1970]
300 _a3 v. :
_blám. ;
_c18 cm.
505 0 _a1. Amudsen, Scott, Charcot (250 p.) - 2. Historia del correo aéreo. Conquistadores del espacio (250 p.) - 3. Alain Gerbault, Lindberg, Raimond Maufrais, Héléne Boucher (246 p.)
650 4 _aExpediciones científicas.
_912685
700 2 _a
_9241886
852 _aES-MaACL
_jP-1875
999 _c98571
_d98571